LDR 00623naa#a2200169#i#450# 001 EN\\bibl\103894 005 20260516143805.6 011 ## _a2074-8183 100 ## _a20260331b2026####ek#y0engy0150####ca 102 ## _aRU 200 1# _aIS THERE A FUTURE FOR THE PROVISIONS OF THE RUSSIAN CRIMINAL CODE CONCERNING CHANGING THE CATEGORY OF CRIME? _eJournal article 210 1# _aVolgograd _cVolgograd Academy of the Ministry of Internal Affairs of Russia _d2026 215 ## _a11 с. 608 ## _aJournal article _2local 675 ## _aПреступления в целом. 343.23 _z 700 #1 _aRozhnov _gAlexey Petrovich 856 4# _ava-mvd.editorum.ru _u